MDQL
is popping MORE tags! Check the
thread
!
Quizzes
Events
Quiz Creation
Community
Videos
Private Events
Remove Ads
Sign In
Join for FREE
Feedback
Dark Mode
Quiz Categories
Sports
Geography
Music
Movies
Television
Just For Fun
Miscellaneous
History
Literature
Language
Science
Gaming
Entertainment
Religion
Holiday
For Kids
Quiz Lab
Recent
Popular Today
Quiz Kudos Today
Editor Picks
Curator Picks
Quizzes by...
Day
Popularity
Type
Ratings
Length
Year
Community
Subscriptions
Recent Discussions
Orange Saloon
Badges
Playlists
Quests
Create
Leaderboards
Showdown
Live 5
Trivia Bingo
Activity
Puzzle Library
Sporcle Events
Private Events
Virtual Trivia
Globe League
Become a Host
Pub Owners
SporcleCon
Opinionation
Our Games
Videos
Blog
Mobile Apps
Partnerships
Remove Ads and Go Orange
Feedback
Language
Vocabulary
Begins and Ends
Definition
Spanish
French
German
Italian
Chinese
Latin
Translation
Japanese
Language
Vocabulary
Begins and Ends
Definition
Spanish
French
German
Italian
Chinese
Latin
Translation
Japanese
Random Quiz
Search Sporcle
×
Quiz Lab
Quiz Lab
Language
Canada
Type in answers that appear in a list
Type in answers that appear in a list
Classic
Best Score? Go Orange.
Indigenous Languages of Canada Stats
Can you name the indigenous languages of Canada?
By
uoftlingdept
20m
65 Questions
229 Plays
229 Plays
229 Plays
Comments
Comments
Give Quiz Kudos
Give Quiz Kudos
-
- Ratings
hide this ad
Replay
Link that replays current quiz
Next Quiz
Link to next quiz in quiz playlist
You Got
0%
They Got
Avg Score
40%
Avg Friend Score
Upgrade to see
Score Distribution
Jump to the score distribution portion of the page
Score
0/65
Timer
20:00
0
Plays Today
Family
Language/Dialect group
% Correct
Eskimo-
Aleut
Inuktitut
77.7%
Algonquian (Ojibwe)
Ojibwe
76.9%
Iroquoian
Mohawk
70.3%
Algonquian
Mi'kmaq
65.1%
Other
Haida
64.2%
Algonquian (Cree)
Plains Cree
62.9%
Algonquian (Cree)
Swampy Cree
60.3%
Algonquian (Ojibwe)
Algonquin
59%
Na-
Dene
Slavey
59%
Algonquian
Blackfoot
58.5%
Algonquian (Cree)
Montagnais
57.6%
Iroquoian
Seneca
57.2%
Iroquoian
Oneida
55%
Algonquian (Cree)
Woods Cree
54.6%
Algonquian (Ojibwe)
Oji-Cree
53.3%
Iroquoian
Cayuga
51.5%
Algonquian (Ojibwe)
Ottawa
50.2%
Iroquoian
Tuscarora
50.2%
Algonquian (Cree)
East Cree
49.3%
Iroquoian
Onondaga
48.5%
Other
Kutenai
47.6%
Other
Michif
45.4%
Tsimshianic
Gitksan
44.5%
Salish
Thompson River Salish
43.7%
Salish
Squamish
42.8%
Tsimshianic
Nisga'a
42.8%
Na-
Dene
Tlingit
42.4%
Algonquian (Cree)
Moose Cree
41.5%
Algonquian (Cree)
Naskapi
41.5%
Na-
Dene
Dogrib
41.5%
Tsimshianic
Coast Tsimshian
40.6%
Wakashan
Nuu-chah-nulth
40.2%
Algonquian
Abenaki
39.7%
Family
Language/Dialect group
% Correct
Algonquian
Potawatomi
39.3%
Na-
Dene
Carrier
38.9%
Wakashan
Haisla
38.9%
Salish
Lillooet
38.9%
Algonquian
Malecite-Passamaquoddy
38.4%
Salish
Shuswap
37.1%
Salish
Comox
36.7%
Na-
Dene
Dene Suline
36.2%
Tsimshianic
Southern Tsimshian
36.2%
Wakashan
Kwak'wala
35.4%
Salish
Okanagan
35.4%
Algonquian (Cree)
Atikamekw
34.1%
Salish
Nuxalk
33.6%
Na-
Dene
Gwich'in
30.6%
Salish
Halkomelem
30.6%
Salish
Sechelt
29.3%
Salish
North Straits Salish
28.4%
Na-
Dene
Chilcotin
27.9%
Eskimo-
Aleut
Inupiatun
27.5%
Na-
Dene
Danezaa
27.5%
Wakashan
Heiltsuk-Oowekyala
25.3%
Na-
Dene
Babine-Witsuwit'en
24%
Na-
Dene
Sarcee
24%
Salish
Klallam
22.3%
Na-
Dene
Kaska
21%
Na-
Dene
Tagish
19.7%
Na-
Dene
Tutchone
17.5%
Eskimo-
Aleut
Inuvialuktun
14.8%
Eskimo-
Aleut
Inuinnaqtun
11.8%
Na-
Dene
Sekani
9.2%
Na-
Dene
Tahltan
9.2%
Wakashan
Ditidaht
8.3%
Quiz Playlist
Details
Report
Send in Message
Add To Playlist
Classic:
Type in answers that appear in a list
Last Updated: Feb 16, 2017
Quiz Scoreboard
CHALLENGE
Sign Up to Join the Scoreboard
Show All
Scores
Hide
Comments
May contain spoilers
Recently Published
Two Season TV Shows II
by 123Four
Television
10m
Image Sorting: Flags VI
by Barbecue
Geography
2m
Find the 'City' Movie
by crazypaving
Movies
60s
More to Explore
Quiz From the Vault
Featured Blog Post
14 Easter Pick-up Lines to Find Eggs With
hide this ad
You Might Also Like...
Tags
Canada Quiz
British Columbia
indigenous
Iroquois
Manitoba
Native
Native America
Nunavut
ontario
Yukon
Today's Top Quizzes in Language
Browse Language
hide this ad
Today's Top Quizzes in Canada
Browse Canada
Top Contributed Quizzes in Language
1
What Word Starts All?
2
1-10 Letter F Words III
3
Arabic Numerals
4
1-10 Letter G Words III
5
Harry Potter book 6 chapters: English & Greek
6
1-10 Letter H Words III
7
Weisst du, aus welchen Sprachen diese Wörter stammen?
8
1-10 Letter I Words III
9
Celtic Nations in their Language
10
Russian Alphabet (Picture Click)
Explore More
Trending Topics
Anime
Marvel
Disney
Kpop
Harry Potter
NBA
Crossword
WWE
Pokémon
The Office
Puzzle
Soccer
NFL
Song
Country
hide this ad
More By:
uoftlingdept
Quiz
Plays
Rating
Category
Featured
Created
Indigenous Languages of Canada
229
Language
Dec 21, 2012
Go to Creator's Profile
Score Distribution
Quiz Creator Spotlight
uoftlingdept
Follow
Send a Message
Quizzes Created
-
Created Quiz Play Count
-
More By This Creator
Popular Quizzes Today
1
Colored Red Africa Blitz
2
Find the US States - No Outlines Minefield
3
Find the 'City' Movie
4
5x2 Blitz: Bands
5
The Countries of the World
6
Find the US States
7
Find the Countries of Europe - No Outlines Minefield
8
US States
More Language Quizzes
Four-Fit
Editor's Pick
Trending Quizzes
Colored Red Europe Blitz I
Colored Red Africa Blitz II
Colored Red Europe Blitz II
Colored Red Africa Blitz III
Colored Red Europe Blitz III
Recently Updated
How Do You Spell That?
pecheneg
Godzilla Movies
pecheneg
Grab Bag: 4-10 Letters
pecheneg
2024 March Madness Bracket
pecheneg
Famous TV Couples
Peacemaker
Champions League XIs: Real Madrid
pecheneg
Largest US Cities 1790-2010
pecheneg
Rides in Walt Disney World
pecheneg
Most Oscar Losses (Acting)
pecheneg
Beyoncé Albums
pecheneg
Trending Topics
Anime
NBA
Kpop
Marvel
Crossword
Disney
Harry Potter
NFL
Pokémon
The Office
Country
Puzzle
WWE
Soccer
Song
Your Account Isn't Verified!
In order to create a playlist on Sporcle, you need to verify the email address you used during registration. Go to your
Sporcle Settings
to finish the process.
Report this User
Report this user for behavior that violates our
Community Guidelines
.
Details:
Send Report
Go to the Sporcle.com Mobile Site →
Comments